| 000 | 01522nam a2200481 i 4500 | ||
|---|---|---|---|
| 001 | 40853 | ||
| 003 | KOSZ 005 | ||
| 005 | 20220715101427.0 | ||
| 008 | 011116s2001 pl |001 0 pol | ||
| 015 | _aUWD 2001/18724 | ||
| 020 | _a8372470537 | ||
| 035 | _a991017252149705066 | ||
| 035 | _a(PL-WaBN)b14659906-48omnis_nlop | ||
| 035 | _ab14659906 | ||
| 035 | _a(OCoLC)749183679 | ||
| 035 | _a(PL)b0000001465990 | ||
| 035 | _a(EXLNZ-48OMNIS_NETWORK)9910488406305606 | ||
| 040 |
_aWA N _cWA N _dKOSZ 005/HR |
||
| 041 | 0 | _apol | |
| 046 | _k2001 | ||
| 080 | _a342(438) | ||
| 080 | _a(094.4) | ||
| 100 | 1 |
_aBanaszak, Bogusław _d(1955-2018) _eAutor |
|
| 245 | 1 | 0 |
_aPrawo konstytucyjne / _cBogusław Banaszak. |
| 250 | _a2 wyd. rozsz. i zaktual. | ||
| 260 |
_aWarszawa : _bC. H. Beck, _c2001. |
||
| 300 |
_aXXIV, 708 s. ; _c23 cm. |
||
| 336 |
_aTekst _btxt _2rdacontent |
||
| 337 |
_aBez urządzenia pośredniczącego _bn _2rdamedia |
||
| 338 |
_aWolumin _bnc _2rdacarrier |
||
| 380 | _aKsiążki | ||
| 388 | _a2001- | ||
| 490 | 1 | _aStudia Prawnicze / C. H. Beck | |
| 504 | _aBibliogr. - Indeks. | ||
| 650 | 7 |
_aPrawo konstytucyjne _2DBN |
|
| 651 | 7 |
_aPolska _2DBN |
|
| 658 | _aPrawo i wymiar sprawiedliwości | ||
| 710 | 2 |
_aWydawnictwo C.H. Beck _4pbl |
|
| 830 | 0 | _aStudia Prawnicze - C. H. Beck | |
| 856 |
_uhttp://koha.tu.koszalin.pl/cgi-bin/koha/opac-detail.pl?biblionumber=40853 _yKatalog online BPK |
||
| 942 |
_2UKD _cKS |
||
| 999 |
_c40853 _d40853 |
||